Central Library OPAC University of Rajshahi

The first wife and other stories / (Record no. 16854)

MARC details
000 -LEADER
fixed length control field 00741nam a22002531a 4500
001 - CONTROL NUMBER
control field 16854
003 - CONTROL NUMBER IDENTIFIER
rucl marc code BD-RjUL
005 - DATE AND TIME OF LATEST TRANSACTION
control field 20211209000047.0
008 - FIXED-LENGTH DATA ELEMENTS--GENERAL INFORMATION
fixed length control field 140215s1950 nyu 000 1 eng
035 ## - SYSTEM CONTROL NUMBER
System control number (BD-RjUL)16909
System control number (OCoLC)951800
040 ## - CATALOGING SOURCE
Original cataloging agency DLC
Transcribing agency OKentU
Modifying agency BD-RjUL
Language of cataloging eng
041 ## - LANGUAGE CODE
Language code of text/sound track or separate title eng
082 04 - DEWEY DECIMAL CLASSIFICATION NUMBER
Edition number 22
Classification number 813.0108
Author mark and year BUF 1950
100 1# - MAIN ENTRY--PERSONAL NAME
Personal name Buck, Pearl S.
Fuller form of name (Pearl Sydenstricker),
Dates associated with a name 1892-1973.
9 (RLIN) 52042
245 14 - TITLE STATEMENT
Title The first wife and other stories /
Statement of responsibility, etc. Pearl S. Buck.
250 ## - EDITION STATEMENT
Edition statement 6th ed.
260 ## - PUBLICATION, DISTRIBUTION, ETC. (IMPRINT)
Place of publication, distribution, etc. New York :
Name of publisher, distributor, etc. The John Day Company,
Date of publication, distribution, etc. c1950.
300 ## - PHYSICAL DESCRIPTION
Pagination xxviii, 253 p. ;
Size 20 cm.
650 ## - SUBJECT ADDED ENTRY--TOPICAL TERM
Topical term or geographic name as entry element Short stories, American.
9 (RLIN) 51456
942 ## - ADDED ENTRY ELEMENTS (KOHA)
Source of classification or shelving scheme Dewey Decimal Classification
Koha item type Books
Holdings
Lost status Source of classification or shelving scheme Damaged status Not for loan Collection code Permanent Location Current Location Shelving location Date acquired Source of acquisition Cost, normal purchase price Total Checkouts Full call number Date last seen Copy number Koha item type
  Dewey Decimal Classification   Not For Loan Fiction Central Library, University of Rajshahi Central Library, University of Rajshahi Reading Room 24/09/2056 A. B. C. 4.14   813.0108 BUF 1950 15/02/2014 C-1 Books